[Event "Warsaw YMCA Spring-A 272nd"]
[Site "Warsaw"]
[Date "2023.06.21"]
[Round "8"]
[White "Sypula, Krzysztof"]
[Black "Kasperski, Marcin"]
[Result "1-0"]
[WhiteElo "1649"]
[BlackElo "1679"]
[PlyCount "61"]
[EventDate "2023.04.14"]
[EventType "tourn"]
[EventRounds "11"]
[EventCountry "POL"]
[SourceTitle "EXT 2024"]
[Source "ChessBase"]
[SourceDate "2023.10.10"]
[SourceVersion "1"]
[SourceVersionDate "2023.10.10"]
[SourceQuality "1"]

1. d4 b5 2. e4 Bb7 3. f3 a6 4. Be3 e6 5. Bd3 Nf6 6. Ne2 d5 7. e5 Nfd7 8. c3 c5 9. 0-0 Nc6 10. f4 f5 11. Nd2 Be7 12. Nf3 0-0 13. dxc5 Nxc5 14. Ned4 Qd7 15. Bc2 Ne4 16. Nxc6 Bxc6 17. Bxe4 fxe4 18. Nd4 g6 19. b4 Qc8 20. g4 Bd7 21. Qd2 Qc4 22. Rac1 a5 23. a3 a4 24. f5 exf5 25. e6 f4 26. Bxf4 Bc8 27. Be5 g5 28. Rxf8+ Kxf8 29. Qf2+ Ke8 30. Qf7+ Kd8 31. Qg8+ 1-0

[Event "Warsaw YMCA Spring-A 272nd"]
[Site "Warsaw"]
[Date "2023.05.30"]
[Round "6"]
[White "Sypula, Krzysztof"]
[Black "Kania, Tomasz"]
[Result "0-1"]
[WhiteElo "1649"]
[BlackElo "1697"]
[PlyCount "111"]
[EventDate "2023.04.14"]
[EventType "tourn"]
[EventRounds "11"]
[EventCountry "POL"]
[SourceTitle "EXT 2024"]
[Source "ChessBase"]
[SourceDate "2023.10.10"]
[SourceVersion "1"]
[SourceVersionDate "2023.10.10"]
[SourceQuality "1"]

1. d4 Nf6 2. c4 e6 3. Nf3 Bb4+ 4. Bd2 Qe7 5. a3 Bxd2+ 6. Qxd2 0-0 7. Nc3 d6 8. e4 e5 9. d5 a5 10. g3 Na6 11. Bg2 Bg4 12. 0-0 Nc5 13. Qc2 Bxf3 14. Bxf3 a4 15. Rad1 h5 16. h4 Qd7 17. Bg2 Rfe8 18. f3 g6 19. Kh2 Kg7 20. Bh3 Qe7 21. Rf2 Nh7 22. f4 f6 23. Rdf1 Rf8 24. Qe2 Qe8 25. g4 exf4 26. gxh5 Qe5 27. Qg4 g5 28. Qf5 Qxf5 29. Bxf5 Rh8 30. Nb5 Nf8 31. Nxc7 Rd8 32. Bg4 Nd3 33. Rd2 Ne5 34. Bd1 Nxc4 35. Rd4 Ne3 36. Re1 Nxd1 37. Rexd1 Rxh5 38. Ne6+ Nxe6 39. dxe6 Rxh4+ 40. Kg2 Rdh8 41. Kf3 Rh2 42. R1d2 R2h3+ 43. Kf2 g4 44. Rxd6 Rh1 45. Rd7+ Kg6 46. Ke2 R1h2+ 47. Ke1 Rxd2 48. Kxd2 Re8 49. e7 Kf7 50. Rxb7 Rxe7 51. Rb4 Rd7+ 52. Ke2 Rc7 53. Rxa4 Rc2+ 54. Kd3 Rxb2 55. Ra7+ Kg6 56. e5 0-1

[Event "Warsaw YMCA Autumn-A 266th"]
[Site "Warsaw"]
[Date "2022.09.30"]
[Round "2"]
[White "Sypula, Krzysztof"]
[Black "Terkiewicz, Bruno"]
[Result "0-1"]
[WhiteElo "1695"]
[BlackElo "1846"]
[PlyCount "164"]
[EventDate "2022.09.30"]
[EventType "tourn"]
[EventRounds "13"]
[EventCountry "POL"]
[SourceTitle "EXT 2024"]
[Source "ChessBase"]
[SourceDate "2023.10.10"]
[SourceVersion "1"]
[SourceVersionDate "2023.10.10"]
[SourceQuality "1"]

1. d4 Nf6 2. c4 e6 3. Nf3 b6 4. Bf4 Bb7 5. e3 Nh5 6. Bg3 Be7 7. Nc3 d6 8. Bd3 Nd7 9. e4 e5 10. d5 a5 11. 0-0 Nxg3 12. hxg3 Bc8 13. a3 h5 14. b4 Nf6 15. Be2 Ng4 16. Ne1 axb4 17. axb4 Rxa1 18. Qxa1 h4 19. Bxg4 Bxg4 20. f3 Bc8 21. g4 Bg5 22. Nc2 Bf4 23. Ne2 Qg5 24. Nxf4 exf4 25. Qa4+ Kf8 26. Qa8 Qd8 27. Kf2 g6 28. Rh1 Kg7 29. Qa1+ Kg8 30. Nd4 Bd7 31. Ne2 g5 32. Qd4 Qe7 33. Nc1 Kh7 34. Nd3 Ra8 35. Re1 Ra2+ 36. Re2 Rxe2+ 37. Kxe2 f6 38. Kf2 Kg7 39. c5 bxc5 40. bxc5 Bb5 41. cxd6 cxd6 42. Nb4 Qc7 43. Nc6 Bxc6 44. dxc6 Qxc6 45. Qa7+ Kg8 46. Qb8+ Kf7 47. Qa7+ Ke6 48. Qh7 Qc5+ 49. Kf1 Qd4 50. Qb7 Qc4+ 51. Kg1 d5 52. exd5+ Qxd5 53. Qa6+ Kf7 54. Kh2 Kg6 55. Qc8 Qf7 56. Qf5+ Kg7 57. Qe4 Qa7 58. Qf5 h3 59. Qc2 hxg2 60. Kxg2 Qe7 61. Qb2 Qd7 62. Qc2 Qe6 63. Qc7+ Kg6 64. Qc2+ Kh6 65. Qb2 Qe5 66. Qc2 Kg7 67. Qa2 Qc5 68. Qb2 Kf7 69. Qe2 Qd4 70. Qc2 Qe5 71. Qb3+ Ke7 72. Kf2 Kd6 73. Qb6+ Kd5 74. Qb5+ Kd4 75. Qb2+ Kd3 76. Qb1+ Kd2 77. Qa2+ Kc1 78. Kg2 Qb2+ 79. Qxb2+ Kxb2 80. Kf2 Kc3 81. Kg2 Kc2 82. Kg1 Kd3 0-1

[Event "Warsaw YMCA Spring-B 258th"]
[Site "Warsaw"]
[Date "2022.06.09"]
[Round "10"]
[White "Sypula, Krzysztof"]
[Black "Milczarek, Robert"]
[Result "1-0"]
[WhiteElo "1680"]
[BlackElo "1668"]
[PlyCount "71"]
[EventDate "2022.04.07"]
[EventType "tourn"]
[EventRounds "11"]
[EventCountry "POL"]
[SourceTitle "EXT 2023"]
[Source "ChessBase"]
[SourceDate "2022.10.05"]
[SourceVersion "1"]
[SourceVersionDate "2022.10.05"]
[SourceQuality "1"]

1. d4 Nf6 2. c4 g6 3. g3 Bg7 4. Bg2 0-0 5. Nf3 d6 6. 0-0 Nc6 7. Nc3 e5 8. e3 Bf5 9. Nh4 Bg4 10. Qd2 Rb8 11. d5 Ne7 12. h3 Bd7 13. Rd1 g5 14. Nf3 g4 15. hxg4 Bxg4 16. e4 Ng6 17. Qd3 h6 18. Ne2 a6 19. Be3 Qd7 20. Ne1 Bxe2 21. Qxe2 Nh7 22. Kh2 Qe7 23. Qh5 Nf6 24. Qf5 Qd7 25. Qxd7 Nxd7 26. Bh3 Nf6 27. f3 b6 28. Nd3 a5 29. b3 Ne7 30. Kg2 Nh7 31. a3 f5 32. Rab1 fxe4 33. Be6+ Kh8 34. fxe4 Ng5 35. Bxg5 hxg5 36. Rh1+ 1-0

[Event "Warsaw YMCA Spring-B 258th"]
[Site "Warsaw"]
[Date "2022.05.19"]
[Round "7"]
[White "Sypula, Krzysztof"]
[Black "Basiaga, Sebastian"]
[Result "0-1"]
[WhiteElo "1680"]
[BlackElo "1775"]
[PlyCount "102"]
[EventDate "2022.04.07"]
[EventType "tourn"]
[EventRounds "11"]
[EventCountry "POL"]
[SourceTitle "EXT 2023"]
[Source "ChessBase"]
[SourceDate "2022.10.05"]
[SourceVersion "1"]
[SourceVersionDate "2022.10.05"]
[SourceQuality "1"]

1. Nf3 d5 2. c4 e6 3. g3 Nf6 4. Bg2 Nbd7 5. cxd5 exd5 6. d4 Bd6 7. Nc3 c6 8. 0-0 0-0 9. Qc2 Re8 10. Bg5 h6 11. Bxf6 Nxf6 12. e3 Bg4 13. a3 a5 14. Ne1 Bh5 15. Nd3 Bg6 16. Qd2 Qb6 17. Rfc1 Ne4 18. Nxe4 Bxe4 19. Bxe4 Rxe4 20. b4 Qa7 21. Qb2 Re7 22. b5 Rc8 23. a4 Qa8 24. Rc2 Rec7 25. Rac1 Kf8 26. Qb3 Kg8 27. Nf4 g5 28. Nh5 Be7 29. Qd3 Qb8 30. b6 Rd7 31. g4 Qd6 32. Ng3 Qg6 33. Nf5 Bf8 34. h3 Re8 35. Kg2 Re6 36. f3 Rd8 37. Qd2 Bb4 38. Qf2 Rde8 39. Re2 Qf6 40. Qg3 Qd8 41. h4 gxh4 42. Qf2 Be7 43. Rh1 Qxb6 44. Nxe7+ R8xe7 45. Rxh4 Qxd4 46. Rxh6 Rxe3 47. Rd2 Qxd2 48. Qxd2 Re2+ 49. Qxe2 Rxe2+ 50. Kg3 Ra2 51. Kf4 Kg7 0-1

[Event "Warsaw YMCA Spring-B 258th"]
[Site "Warsaw"]
[Date "2022.04.13"]
[Round "2"]
[White "Szukalski, Antoni"]
[Black "Sypula, Krzysztof"]
[Result "1-0"]
[WhiteElo "1702"]
[BlackElo "1680"]
[PlyCount "95"]
[EventDate "2022.04.07"]
[EventType "tourn"]
[EventRounds "11"]
[EventCountry "POL"]
[SourceTitle "EXT 2023"]
[Source "ChessBase"]
[SourceDate "2022.10.05"]
[SourceVersion "1"]
[SourceVersionDate "2022.10.05"]
[SourceQuality "1"]

1. e4 c5 2. Nf3 e6 3. d4 cxd4 4. Nxd4 Nc6 5. Be3 Qc7 6. Nb5 Qb8 7. N1c3 a6 8. Nd4 Nf6 9. Bd3 Bd6 10. h3 0-0 11. 0-0 Bh2+ 12. Kh1 Bf4 13. Qd2 Bxe3 14. Qxe3 Nxd4 15. Qxd4 d6 16. Qe3 Qc7 17. f4 Bd7 18. e5 Nd5 19. Qe4 f5 20. Nxd5 fxe4 21. Nxc7 Rac8 22. Bxe4 Rxc7 23. exd6 Rc4 24. Bxb7 Rxc2 25. b3 Rd2 26. Rfd1 Rf2 27. Rac1 Rxa2 28. Rc7 Rd8 29. Bc6 Bxc6 30. Rxc6 Kf7 31. Rc7+ Kf6 32. g4 h6 33. g5+ hxg5 34. fxg5+ Ke5 35. d7 Rf2 36. Rc5+ Ke4 37. Rc6 Rf7 38. Rxe6+ Kf5 39. Red6 Kxg5 40. Kg2 Re7 41. R1d5+ Kf4 42. Kf2 Re5 43. Rd4+ Kf5 44. Kf3 Rb5 45. Rd3 a5 46. Rc6 Ke5 47. Rc8 Rb8 48. Rxb8 1-0

[Event "Warsaw YMCA Spring-B 258th"]
[Site "Warsaw"]
[Date "2022.04.07"]
[Round "1"]
[White "Sypula, Krzysztof"]
[Black "Kacprzak, Karol"]
[Result "1-0"]
[WhiteElo "1680"]
[BlackElo "1699"]
[PlyCount "75"]
[EventDate "2022.04.07"]
[EventType "tourn"]
[EventRounds "11"]
[EventCountry "POL"]
[SourceTitle "EXT 2023"]
[Source "ChessBase"]
[SourceDate "2022.10.05"]
[SourceVersion "1"]
[SourceVersionDate "2022.10.05"]
[SourceQuality "1"]

1. Nf3 d5 2. c4 e6 3. e3 Nf6 4. Nc3 Be7 5. d4 0-0 6. Bd3 dxc4 7. Bxc4 b6 8. e4 Bb7 9. Qc2 Nc6 10. Be3 a6 11. Rd1 b5 12. Be2 Qc8 13. 0-0 Nb4 14. Qb1 c5 15. a3 cxd4 16. Nxd4 Nc6 17. Rc1 Nxd4 18. Bxd4 Qb8 19. Bf3 Bd6 20. g3 Be5 21. Be3 Rc8 22. Ne2 Qd6 23. b4 Rxc1 24. Rxc1 Rd8 25. Nf4 h6 26. Rd1 Qc7 27. Rxd8+ Qxd8 28. Nd3 Bd4 29. Bxd4 Qxd4 30. Nc5 Bc6 31. Qc2 Qa1+ 32. Kg2 Qxa3 33. Nxe6 fxe6 34. Qxc6 Qxb4 35. Qxe6+ Kh8 36. e5 Ne4 37. Qe8+ Kh7 38. Bh5 1-0

[Event "Warsaw YMCA Autumn-B 249th"]
[Site "Warsaw"]
[Date "2021.11.25"]
[Round "10"]
[White "Szumigaj, Marcin"]
[Black "Sypula, Krzysztof"]
[Result "1-0"]
[WhiteElo "1473"]
[BlackElo "1656"]
[PlyCount "79"]
[EventDate "2021.09.23"]
[EventType "tourn"]
[EventRounds "13"]
[EventCountry "POL"]
[SourceTitle "EXT 2023"]
[Source "ChessBase"]
[SourceDate "2022.10.05"]
[SourceVersion "1"]
[SourceVersionDate "2022.10.05"]
[SourceQuality "1"]

1. e4 d5 2. exd5 Qxd5 3. Nc3 Qd6 4. d4 Nf6 5. Nf3 a6 6. Qd3 Nc6 7. Be3 Bg4 8. Ne4 Nxe4 9. Qxe4 Bxf3 10. gxf3 e6 11. 0-0-0 Qd5 12. c4 Qxe4 13. fxe4 0-0-0 14. Bh3 Kb8 15. Rhg1 g6 16. d5 exd5 17. cxd5 Ne7 18. Bd4 Bh6+ 19. Kc2 Rhe8 20. Rg4 Ng8 21. Rh4 b6 22. Bg2 f5 23. e5 Re7 24. d6 cxd6 25. Bxb6 Rc8+ 26. Kb3 Rxe5 27. a4 f4 28. Rxd6 Re7 29. Bd5 Bg5 30. Rg4 Bh6 31. Rh4 Bg5 32. Rh3 Nf6 33. Bg2 Nd7 34. Ba5 Nc5+ 35. Ka2 Nb7 36. Rb3 Ka7 37. Bb6+ Ka8 38. Bd8 Rxd8 39. Rxd8+ Ka7 40. Bxb7 1-0

[Event "Warsaw YMCA Autumn-B 249th"]
[Site "Warsaw"]
[Date "2021.11.11"]
[Round "8"]
[White "Goral, Jan"]
[Black "Sypula, Krzysztof"]
[Result "0-1"]
[WhiteElo "1672"]
[BlackElo "1656"]
[PlyCount "94"]
[EventDate "2021.09.23"]
[EventType "tourn"]
[EventRounds "13"]
[EventCountry "POL"]
[SourceTitle "EXT 2023"]
[Source "ChessBase"]
[SourceDate "2022.10.05"]
[SourceVersion "1"]
[SourceVersionDate "2022.10.05"]
[SourceQuality "1"]

1. d4 Nf6 2. c4 c5 3. d5 b5 4. cxb5 a6 5. b6 g6 6. Nc3 Qxb6 7. Nf3 Bg7 8. g3 0-0 9. Bg2 d6 10. 0-0 a5 11. Re1 Na6 12. Nd2 Nc7 13. h3 Bd7 14. Nc4 Qa6 15. Qd3 Bb5 16. Nxb5 Qxb5 17. Bd2 a4 18. Bc3 Nd7 19. f4 Nb6 20. Nxb6 Qxb6 21. Kh2 Nb5 22. Bxg7 Kxg7 23. Rab1 Qa5 24. Rec1 Rfb8 25. e3 Ra7 26. g4 Nc7 27. h4 Ne8 28. Bf3 Rab7 29. Rc2 Rb4 30. Be2 Qd8 31. Kg3 Nf6 32. Bf3 Qd7 33. Qd1 e5 34. fxe5 dxe5 35. g5 Ne8 36. Bg4 Qd6 37. Kh3 Re4 38. Qd3 Rbb4 39. Rg1 f5 40. gxf6+ Nxf6 41. a3 Rxg4 42. axb4 Rxg1 43. bxc5 Qd7+ 44. Kh2 Qg4 45. e4 Rd1 46. Qg3 Qxe4 47. Rg2 Qxd5 0-1

[Event "Warsaw YMCA Autumn-B 249th"]
[Site "Warsaw"]
[Date "2021.11.04"]
[Round "7"]
[White "Sypula, Krzysztof"]
[Black "Safanowski, Tomasz"]
[Result "1/2-1/2"]
[WhiteElo "1656"]
[BlackElo "1688"]
[PlyCount "57"]
[EventDate "2021.09.23"]
[EventType "tourn"]
[EventRounds "13"]
[EventCountry "POL"]
[SourceTitle "EXT 2023"]
[Source "ChessBase"]
[SourceDate "2022.10.05"]
[SourceVersion "1"]
[SourceVersionDate "2022.10.05"]
[SourceQuality "1"]

1. Nf3 Nf6 2. g3 d6 3. Bg2 e5 4. d3 g6 5. c4 Bg7 6. Nc3 0-0 7. 0-0 c6 8. Qc2 Qe7 9. e4 a5 10. b3 Na6 11. h3 Bd7 12. Be3 b5 13. Rad1 a4 14. cxb5 axb3 15. axb3 Nb4 16. Qb1 c5 17. Nd2 Rfb8 18. Nc4 Bxb5 19. Rd2 Bxc4 20. dxc4 Nc6 21. Nb5 Nd4 22. Bxd4 cxd4 23. Ra2 Ne8 24. Rxa8 Rxa8 25. Qb2 Nc7 26. Nxc7 Qxc7 27. Rd1 Rb8 28. Qc2 Qb6 29. Rd3 1/2-1/2

[Event "Warsaw YMCA Autumn-B 237th"]
[Site "Warsaw"]
[Date "2020.10.29"]
[Round "6"]
[White "Sypula, Krzysztof"]
[Black "Matyszkiewicz, Wiktor"]
[Result "0-1"]
[WhiteElo "1661"]
[BlackElo "1803"]
[PlyCount "176"]
[EventDate "2020.09.24"]
[EventType "swiss"]
[EventRounds "12"]
[EventCountry "POL"]
[SourceTitle "EXT 2022"]
[Source "ChessBase"]
[SourceDate "2021.10.06"]
[SourceVersion "1"]
[SourceVersionDate "2021.10.06"]
[SourceQuality "1"]

1. d4 Nf6 2. c4 g6 3. Nc3 Bg7 4. e4 d6 5. Be2 0-0 6. Bg5 h6 7. Bf4 Nbd7 8. Qc1 Kh7 9. Nf3 c5 10. d5 a6 11. 0-0 Rb8 12. e5 Ne8 13. Qe3 dxe5 14. Nxe5 Nxe5 15. Bxe5 Bxe5 16. Qxe5 Qd6 17. Qe3 Nf6 18. Rfe1 Bd7 19. Bd3 Rfe8 20. Rad1 Kg7 21. h3 b5 22. b3 b4 23. Ne4 Nxe4 24. Qxe4 a5 25. g4 a4 26. Re3 axb3 27. axb3 Ra8 28. f4 Qf6 29. Qe5 Ra2 30. Bf1 g5 31. f5 Qxe5 32. Rxe5 Ra6 33. Rde1 Kf8 34. Bd3 Ra3 35. Bc2 Ra2 36. R1e2 Rea8 37. Kf2 Re8 38. R5e3 Ra6 39. Kg3 Ra7 40. Kf2 f6 41. Rd3 Ra2 42. Rde3 Kf7 43. Kf3 Ra7 44. Ke4 h5 45. Kf3 hxg4+ 46. hxg4 Bc8 47. Rh2 Kg7 48. d6 Rd7 49. Rd2 Kf7 50. Be4 Rxd6 51. Rde2 Rd7 52. Bd5+ Kf8 53. Rh2 Kg7 54. Ke4 Rh8 55. Rhe2 Rh4 56. Rg3 Kf8 57. Ra2 Bb7 58. Bxb7 Rxb7 59. Ra5 Rc7 60. Kd5 Rh1 61. Ke4 Re1+ 62. Kf3 Rd1 63. Ke2 Rd8 64. Rh3 Ke8 65. Re3 Rd4 66. Kf3 Kd7 67. Ra6 Rd6 68. Ra8 e5 69. fxe6+ Rxe6 70. Rd3+ Rd6 71. Re3 Re6 72. Rd3+ Rd6 73. Re3 Rb7 74. Ree8 Kc6 75. Ra5 Rd3+ 76. Ke4 Rxb3 77. Re6+ Kd7 78. Rxf6 Rc3 79. Kd5 Ke7 80. Rg6 Kf7 81. Raa6 b3 82. Rgf6+ Ke7 83. Rae6+ Kd8 84. Kc6 Rc7+ 85. Kb6 b2 86. Rd6+ Rd7 87. Kc6 Rxd6+ 88. Kxd6 Rd3+ 0-1

[Event "Warsaw YMCA Autumn-B 237th"]
[Site "Warsaw"]
[Date "2020.10.20"]
[Round "3"]
[White "Sypula, Krzysztof"]
[Black "Nawalaniec, Adam"]
[Result "1-0"]
[WhiteElo "1661"]
[BlackElo "1549"]
[PlyCount "85"]
[EventDate "2020.09.24"]
[EventType "swiss"]
[EventRounds "12"]
[EventCountry "POL"]
[SourceTitle "EXT 2022"]
[Source "ChessBase"]
[SourceDate "2021.10.06"]
[SourceVersion "1"]
[SourceVersionDate "2021.10.06"]
[SourceQuality "1"]

1. Nf3 Nf6 2. c4 g6 3. g3 Bg7 4. Bg2 0-0 5. Nc3 c6 6. 0-0 d5 7. cxd5 cxd5 8. d4 Nc6 9. h3 Ne4 10. Be3 b6 11. Qb3 e6 12. Nxe4 dxe4 13. Ng5 Na5 14. Qc2 f5 15. b4 Nb7 16. h4 h6 17. Nh3 Nd6 18. Rac1 Ba6 19. Nf4 Rc8 20. Qa4 Bb5 21. Rxc8 Qxc8 22. Qxa7 Qb8 23. Qxb8 Rxb8 24. Nxe6 Bxe2 25. Re1 Bc4 26. Nxg7 Kxg7 27. Bf4 Rd8 28. a4 Nb7 29. Rc1 b5 30. a5 Nd6 31. Bf1 Bxf1 32. Rc7+ Kf6 33. Be5+ Ke6 34. Kxf1 Nc4 35. Rc6+ Kd5 36. Rc5+ Ke6 37. Rxb5 Rd5 38. Rb8 g5 39. hxg5 hxg5 40. a6 Nxe5 41. Re8+ Kd7 42. Rxe5 Rxd4 43. a7 1-0

[Event "Warsaw YMCA Winter-B 225th"]
[Site "Warsaw"]
[Date "2020.03.12"]
[Round "11"]
[White "Sloniewska, Alicja"]
[Black "Sypula, Krzysztof"]
[Result "1-0"]
[WhiteElo "1683"]
[BlackElo "1667"]
[PlyCount "79"]
[EventDate "2020.01.09"]
[EventType "tourn"]
[EventRounds "13"]
[EventCountry "POL"]
[SourceTitle "CBM 195 Extra"]
[Source "ChessBase"]
[SourceDate "2020.05.31"]
[SourceVersion "1"]
[SourceVersionDate "2020.05.31"]
[SourceQuality "1"]

1. d4 Nf6 2. c4 d6 3. Nc3 Nbd7 4. e4 e5 5. d5 Nc5 6. Qc2 a5 7. Nf3 Bg4 8. Be2 Be7 9. 0-0 0-0 10. Be3 Nfd7 11. Nd2 Bxe2 12. Nxe2 Bg5 13. Bxg5 Qxg5 14. Ng3 g6 15. b3 h5 16. Ne2 b6 17. a3 Qe7 18. Ra2 Nf6 19. Rfa1 a4 20. b4 Nb3 21. Rd1 Nxd2 22. Rxd2 Ng4 23. h3 Nh6 24. Nc3 f5 25. Rd3 f4 26. Qd1 Qe8 27. g3 g5 28. Rc2 Qg6 29. g4 hxg4 30. hxg4 Kg7 31. Rh3 Rh8 32. f3 Nf7 33. Rch2 Rxh3 34. Rxh3 Nh8 35. Qc2 Nf7 36. Nb5 Rh8 37. Rxh8 Nxh8 38. Nxc7 Qf7 39. Ne6+ Kf6 40. Qh2 1-0

[Event "Warsaw YMCA Winter-B 225th"]
[Site "Warsaw"]
[Date "2020.03.05"]
[Round "10"]
[White "Sypula, Krzysztof"]
[Black "Kalejta, Arkadiusz"]
[Result "1/2-1/2"]
[WhiteElo "1667"]
[BlackElo "1774"]
[PlyCount "58"]
[EventDate "2020.01.09"]
[EventType "tourn"]
[EventRounds "13"]
[EventCountry "POL"]
[SourceTitle "CBM 195 Extra"]
[Source "ChessBase"]
[SourceDate "2020.05.31"]
[SourceVersion "1"]
[SourceVersionDate "2020.05.31"]
[SourceQuality "1"]

1. d4 d5 2. c4 c6 3. e3 Nf6 4. Nc3 a6 5. a4 g6 6. Nf3 Bg7 7. Bd3 0-0 8. 0-0 Bg4 9. h3 Bf5 10. b3 Nbd7 11. Bb2 Re8 12. cxd5 Bxd3 13. Qxd3 cxd5 14. Ne5 e6 15. Nxd7 Qxd7 16. Rab1 Rec8 17. Rfc1 Ne8 18. Ne2 Nd6 19. Rxc8+ Rxc8 20. Rc1 Rxc1+ 21. Bxc1 Bf8 22. Qc2 b5 23. axb5 axb5 24. Nf4 b4 25. Nd3 Nc4 26. Bd2 Nxd2 27. Qxd2 Qb5 28. Qc2 Qa6 29. g3 Qb5 1/2-1/2

[Event "Warsaw YMCA Winter-B 225th"]
[Site "Warsaw"]
[Date "2020.02.06"]
[Round "5"]
[White "Koziol, Pawel"]
[Black "Sypula, Krzysztof"]
[Result "1-0"]
[WhiteElo "1788"]
[BlackElo "1667"]
[PlyCount "45"]
[EventDate "2020.01.09"]
[EventType "tourn"]
[EventRounds "13"]
[EventCountry "POL"]
[SourceTitle "CBM 195 Extra"]
[Source "ChessBase"]
[SourceDate "2020.05.31"]
[SourceVersion "1"]
[SourceVersionDate "2020.05.31"]
[SourceQuality "1"]

1. c4 e5 2. g3 Nf6 3. Bg2 c6 4. d4 e4 5. Nc3 d5 6. Bg5 Bb4 7. Qb3 Bxc3+ 8. bxc3 dxc4 9. Qxc4 Qd5 10. Qxd5 cxd5 11. Bxf6 gxf6 12. Rb1 Nd7 13. Nh3 f5 14. Nf4 Nf6 15. Rb5 b6 16. Nxd5 Nxd5 17. Rxd5 f6 18. Rb5 Bd7 19. Rb2 Ke7 20. Kd2 Rhc8 21. Rc1 Be6 22. f3 Bd5 23. Ke3 1-0

[Event "Warsaw YMCA Winter-B 225th"]
[Site "Warsaw"]
[Date "2020.01.23"]
[Round "3"]
[White "Sypula, Krzysztof"]
[Black "Szukalski, Antoni"]
[Result "0-1"]
[WhiteElo "1667"]
[BlackElo "1752"]
[PlyCount "54"]
[EventDate "2020.01.09"]
[EventType "tourn"]
[EventRounds "13"]
[EventCountry "POL"]
[SourceTitle "CBM 195 Extra"]
[Source "ChessBase"]
[SourceDate "2020.05.31"]
[SourceVersion "1"]
[SourceVersionDate "2020.05.31"]
[SourceQuality "1"]

1. d4 d5 2. c4 c6 3. Nf3 Nf6 4. Qc2 e6 5. a3 Nbd7 6. e3 Bd6 7. Nc3 0-0 8. Be2 e5 9. cxd5 cxd5 10. dxe5 Nxe5 11. 0-0 Be6 12. Nxe5 Bxe5 13. Bd2 Rc8 14. Qd3 Ne4 15. Be1 Nxc3 16. Bxc3 Bxc3 17. bxc3 Qa5 18. Rfc1 Rc5 19. Bf3 Rfc8 20. Qd4 Rxc3 21. Rxc3 Qxc3 22. Qd1 b6 23. h3 g6 24. Kh2 a6 25. g3 b5 26. g4 Qb2 27. Kg2 Rc2 0-1

[Event "Warsaw YMCA Autumn-B 221st"]
[Site "Warsaw"]
[Date "2019.10.10"]
[Round "4"]
[White "Sypula, Krzysztof"]
[Black "Mazurek, Jerzy"]
[Result "0-1"]
[WhiteElo "1671"]
[BlackElo "1662"]
[PlyCount "148"]
[EventDate "2019.09.20"]
[EventType "tourn"]
[EventRounds "13"]
[EventCountry "POL"]
[SourceTitle "CBM 195 Extra"]
[Source "ChessBase"]
[SourceDate "2020.05.31"]
[SourceVersion "1"]
[SourceVersionDate "2020.05.31"]
[SourceQuality "1"]

1. c4 c6 2. Nf3 d5 3. e3 Nf6 4. b3 Bf5 5. Nc3 e6 6. Bb2 Be7 7. d4 a5 8. Bd3 Bxd3 9. Qxd3 Nbd7 10. 0-0 0-0 11. e4 dxe4 12. Nxe4 Nxe4 13. Qxe4 a4 14. Rfd1 Nf6 15. Qd3 Qa5 16. c5 Nd5 17. a3 axb3 18. Qxb3 Qc7 19. Nd2 Rfb8 20. Rac1 b5 21. g3 Ra4 22. Ne4 Qa7 23. Ra1 Ra8 24. Rab1 Qb8 25. Nc3 Nxc3 26. Qxc3 Bf6 27. Bc1 Rc4 28. Qf3 Qb7 29. Rb4 Rxb4 30. axb4 Rd8 31. Bb2 Qd7 32. Qe2 Qd5 33. f4 Ra8 34. Qg2 Qxg2+ 35. Kxg2 Ra2 36. Rd2 Bxd4 37. Rxd4 Rxb2+ 38. Kf3 Kf8 39. h4 h5 40. Rd6 Rxb4 41. Rxc6 Rb3+ 42. Kf2 Rc3 43. Rc7 g6 44. c6 Kg7 45. Rb7 Rxc6 46. Rxb5 Rc3 47. Ra5 Kf6 48. Rb5 Rd3 49. Ra5 Rd5 50. Ra7 e5 51. fxe5+ Rxe5 52. Ra6+ Re6 53. Ra5 Re5 54. Ra6+ Ke7 55. Kf3 Rf5+ 56. Ke4 Kf8 57. Ra7 Kg7 58. Rb7 Rf1 59. Ra7 Rb1 60. Kf4 Rb6 61. Rc7 Kf6 62. Rc5 Rb4+ 63. Kf3 Rd4 64. Ra5 Ke6 65. Ke3 Rd5 66. Ra6+ Kf5 67. Ra4 Rb5 68. Rf4+ Ke6 69. Ra4 f6 70. Re4+ Re5 71. Kf4 Rxe4+ 72. Kxe4 g5 73. Kf3 gxh4 74. gxh4 Kf5 0-1

[Event "Warsaw YMCA Winter-B 210th"]
[Site "Warsaw"]
[Date "2019.03.28"]
[Round "13"]
[White "Sypula, Krzysztof"]
[Black "Prus, Maciej"]
[Result "0-1"]
[WhiteElo "1650"]
[BlackElo "1611"]
[PlyCount "56"]
[EventDate "2019.01.09"]
[EventType "swiss"]
[EventRounds "13"]
[EventCountry "POL"]
[SourceTitle "CBM 189 Extra"]
[Source "ChessBase"]
[SourceDate "2019.06.03"]
[SourceVersion "1"]
[SourceVersionDate "2019.06.03"]
[SourceQuality "1"]

1. Nf3 g6 2. d4 Bg7 3. e4 d6 4. Be3 Nf6 5. Nc3 c6 6. Bd3 0-0 7. h3 Nbd7 8. Qd2 e5 9. 0-0 exd4 10. Nxd4 Ne5 11. Rad1 c5 12. Ndb5 a6 13. Na3 b5 14. Nd5 Nxd5 15. exd5 Bxh3 16. Be2 Bc8 17. c3 f5 18. Nc2 Ng4 19. Bxg4 fxg4 20. b4 Be5 21. Bg5 Qc7 22. bxc5 Qxc5 23. Be7 Rf7 24. Qg5 Kg7 25. Rd3 h6 26. Qh4 Bf5 27. Nd4 Bxd4 28. Rxd4 Re8 0-1

[Event "Warsaw YMCA Winter-B 210th"]
[Site "Warsaw"]
[Date "2019.02.28"]
[Round "9"]
[White "Sypula, Krzysztof"]
[Black "Szukalski, Antoni"]
[Result "0-1"]
[WhiteElo "1650"]
[BlackElo "1747"]
[PlyCount "129"]
[EventDate "2019.01.09"]
[EventType "swiss"]
[EventRounds "13"]
[EventCountry "POL"]
[SourceTitle "CBM 189 Extra"]
[Source "ChessBase"]
[SourceDate "2019.06.03"]
[SourceVersion "1"]
[SourceVersionDate "2019.06.03"]
[SourceQuality "1"]

1. Nf3 Nf6 2. c4 e6 3. b3 d5 4. e3 c5 5. Bb2 Nc6 6. cxd5 exd5 7. Bb5 a6 8. Bxc6+ bxc6 9. Qc2 Bb7 10. 0-0 Be7 11. d4 cxd4 12. Nxd4 Rc8 13. Nf5 0-0 14. Nc3 Re8 15. Nxe7+ Qxe7 16. Rac1 Nd7 17. Rfd1 Qe6 18. Ne2 Qg6 19. Ng3 Qxc2 20. Rxc2 g6 21. Ne2 f5 22. Nf4 Kf7 23. Nd3 Re4 24. Bd4 Ree8 25. Rdc1 Ke6 26. f3 Kd6 27. Kf2 Rg8 28. h4 h5 29. Kg3 Rge8 30. Kf4 Nf8 31. Bc5+ Kc7 32. Bxf8 Rxf8 33. Nc5 Rf6 34. Ke5 Rd6 35. Kd4 Re8 36. b4 Kb6 37. Rc3 Re7 38. Nxb7 Kxb7 39. Ra3 Kb6 40. Rc5 Rde6 41. Rca5 Ra7 42. Rc3 Rae7 43. Raa3 Re8 44. Rab3 Ra8 45. a4 Ra7 46. Rd3 Ra8 47. Kc3 Rd8 48. Kd2 Rd7 49. Rd4 Rd8 50. Rbd3 Rde8 51. g4 fxg4 52. fxg4 Rf6 53. gxh5 gxh5 54. Rf4 Rg6 55. Rdd4 Rg2+ 56. Kc3 Rxe3+ 57. Rd3 Re1 58. Rf5 Rc1+ 59. Kb3 Rb1+ 60. Kc3 Rg4 61. Rxh5 Rbxb4 62. Rh8 Rbc4+ 63. Kd2 Rxh4 64. Rb3+ Kc5 65. Ra8 0-1